Enfermedades invalidantes de la infancia : (Registro nro. 2504)
[ vista simple ]
| 000 -LEADER | |
|---|---|
| campo de control de longitud fija | 00784nam a22002297a 4500 |
| 001 - NÚMERO DE CONTROL | |
| campo de control | 2504 |
| 003 - IDENTIFICADOR DE NÚMERO DE CONTROL | |
| campo de control | HMS |
| 005 - FECHA Y HORA DE LA ÚLTIMA TRANSACCIÓN | |
| campo de control | 20250616100524.0 |
| 008 - DATOS DE LONGITUD FIJA--INFORMACIÓN GENERAL | |
| campo de control de longitud fija | 250616e1995 cl a|||frntu| 001 0 spa |
| 020 ## - NÚMERO INTERNACIONAL ESTÁNDAR DEL LIBRO | |
| Número Internacional Estándar del Libro | 9567484015 |
| 040 ## - FUENTE DE CATALOGACIÓN | |
| Centro catalogador/agencia de origen | hms |
| Lengua de catalogación | spa |
| Centro/agencia transcriptor | hms |
| 050 04 - SIGNATURA TOPOGRÁFICA DE LA BIBLIOTECA DEL CONGRESO | |
| Número de clasificación | WS368 |
| Número de ítem | S678 |
| 082 04 - NÚMERO DE LA CLASIFICACIÓN DECIMAL DEWEY | |
| Número de clasificación | 615.542 |
| Número de ítem | E56 |
| 245 00 - MENCIÓN DEL TÍTULO | |
| Título | Enfermedades invalidantes de la infancia : |
| Resto del título | enfoque integral de rehabilitación / |
| Mención de responsabilidad, etc. | Sociedad Pro Ayuda del Niño Lisiado. |
| Medio | [libro] |
| 250 ## - MENCION DE EDICION | |
| Mención de edición | 1ª edición, enero 1995 |
| 260 ## - PUBLICACIÓN, DISTRIBUCIÓN, ETC. | |
| Lugar de publicación, distribución, etc. | Santiago de Chile : |
| Nombre del editor, distribuidor, etc. | Sociedad Pro Ayuda del Niño Lisiado, |
| -- | Papiro Ltada., |
| Fecha de publicación, distribución, etc. | c 1995 |
| 300 ## - DESCRIPCIÓN FÍSICA | |
| Extensión | 305 páginas : |
| Otras características físicas | ilustraciones |
| 500 ## - NOTA GENERAL | |
| Nota general | Incluye índice |
| 650 #7 - PUNTO DE ACCESO ADICIONAL DE MATERIA--TÉRMINO DE MATERIA | |
| Término de materia o nombre geográfico como elemento de entrada | Rehabilitación |
| 9 (RLIN) | 3523 |
| 650 #7 - PUNTO DE ACCESO ADICIONAL DE MATERIA--TÉRMINO DE MATERIA | |
| Término de materia o nombre geográfico como elemento de entrada | Niños discapacitados |
| Subdivisión general | Rehabilitación |
| 9 (RLIN) | 3524 |
| 942 ## - ELEMENTOS DE ENTRADA SECUNDARIOS (KOHA) | |
| Fuente del sistema de clasificación o colocación | Clasificación de Library of Congress |
| Tipo de ítem Koha | Colección Médica |
| Suprimir en OPAC | No |
| Estatus retirado | Estado de pérdida | Fuente del sistema de clasificación o colocación | Estado de daño | No para préstamo | Colección | Biblioteca de origen | Biblioteca actual | Ubicación en estantería | Fecha de adquisición | Fuente de adquisición | Número de inventario | Total de préstamos | Signatura topográfica completa | Código de barras | Visto por última vez | Copia número | Precio de reemplazo | Tipo de ítem Koha |
|---|---|---|---|---|---|---|---|---|---|---|---|---|---|---|---|---|---|---|
| Clasificación Decimal Dewey | Colección General | Biblioteca Hospital Militar de Santiago | Biblioteca Hospital Militar de Santiago | Exhibido | 16/06/2025 | Donación | 000801 | WS368 S678 1ªed 1995 | 000801 | 16/06/2025 | c.1 | 16/06/2025 | Colección General |
